[Event "Robin Girard mem."]
[Site "Quebec CAN"]
[Date "2004.09.03"]
[Round "2"]
[White "Tremblay, Rejean"]
[Black "Beaudoin, Stephane"]
[Result "1-0"]
[WhiteElo "2261"]
[BlackElo "2037"]
[PlyCount "81"]
[GameId "2160767911069581"]
[EventDate "2004.09.03"]
[EventType "swiss"]
[EventRounds "5"]
[EventCountry "CAN"]

1. d4 Nf6 2. c4 c5 3. d5 e6 4. Nc3 exd5 5. cxd5 d6 6. g3 g6 7. Bg2 Bg7 8. Nf3 O-O 9. O-O a6 10. a4 Nbd7 11. Nd2 Re8 12. h3 Rb8 13. Nc4 Ne5 14. Na3 Nh5 15. e4 Bd7 16. Nc2 b5 17. axb5 axb5 18. g4 Nf6 19. b4 Nc4 20. Qd3 Ne5 21. Qg3 c4 22. Be3 Nd3 23. Bd4 g5 24. Qxd6 h5 25. e5 Nh7 26. e6 fxe6 27. Bxg7 Kxg7 28. Ra7 Nf8 29. dxe6 Rxe6 30. Rxd7+ Qxd7 31. Qxb8 hxg4 32. hxg4 Re7 33. Ne3 Re8 34. Nf5+ Kg6 35. Qh2 Qh7 36. Qd6+ Ne6 37. Be4 Qh3 38. Ne7+ Kf7 39. Bg6+ Kg7 40. Qxe6 Rf8 41. Bxd3 1-0

[Event "Robin Girard mem."]
[Site "Quebec CAN"]
[Date "2004.09.04"]
[Round "3"]
[White "Bourassa, Andre"]
[Black "Berube, Antoine"]
[Result "0-1"]
[WhiteElo "1659"]
[BlackElo "2045"]
[PlyCount "76"]
[GameId "2160767911069582"]
[EventDate "2004.09.03"]
[EventType "swiss"]
[EventRounds "5"]
[EventCountry "CAN"]

1. d4 d5 2. c4 c6 3. Nc3 Nf6 4. Bg5 dxc4 5. Bxf6 exf6 6. a4 Bb4 7. e3 Be6 8. Nf3 O-O 9. Nd2 Bxc3 10. bxc3 b5 11. axb5 cxb5 12. Qf3 Bd5 13. e4 Bb7 14. Be2 Re8 15. O-O a6 16. Rfb1 Qd7 17. Qh5 g6 18. Qc5 f5 19. e5 Nc6 20. Bf3 Rec8 21. Qb6 Rab8 22. Nf1 Nxe5 23. Bxb7 Rxb7 24. Qxa6 Nd3 25. Ne3 Rc6 26. Qa8+ Kg7 27. h3 f4 28. Nc2 f3 29. g4 Nf4 30. Kh2 Rc8 31. Qa3 h5 32. Kg3 Nxh3 33. Ne3 Ng5 34. Rh1 Qc7+ 35. Kh4 Ne4 36. Qb2 g5+ 37. Kh3 hxg4+ 38. Kxg4 Qf4+ 0-1

[Event "Robin Girard mem."]
[Site "Quebec CAN"]
[Date "2004.09.04"]
[Round "3"]
[White "Rivest, Jean-Michel"]
[Black "Tremblay, Rejean"]
[Result "1/2-1/2"]
[WhiteElo "1862"]
[BlackElo "2261"]
[PlyCount "87"]
[GameId "2160767911069583"]
[EventDate "2004.09.03"]
[EventType "swiss"]
[EventRounds "5"]
[EventCountry "CAN"]

1. e4 c5 2. Nf3 d6 3. d4 cxd4 4. Nxd4 Nf6 5. Nc3 a6 6. Be3 e6 7. f3 Qc7 8. Qd2 Nbd7 9. g4 b5 10. g5 Ng8 11. h4 Nb6 12. Qf2 Nc4 13. O-O-O Nxe3 14. Qxe3 Bd7 15. Bh3 Ne7 16. f4 b4 17. Nce2 Rc8 18. Qd3 Qb6 19. f5 e5 20. f6 exd4 21. Bxd7+ Kxd7 22. fxe7 Bxe7 23. Nxd4 g6 24. e5 Ke8 25. e6 f5 26. gxf6 Bxf6 27. Nf3 Qc5 28. Rh2 Rc6 29. h5 gxh5 30. Qe4 Ke7 31. Rxh5 Qxh5 32. Qxc6 Rd8 33. Re1 Kf8 34. Qc7 Kg8 35. e7 Re8 36. Qc4+ Kh8 37. Qf4 Qf7 38. Qxd6 Rxe7 39. Qb8+ Qg8 40. Qxg8+ Kxg8 41. Rxe7 Bxe7 42. Kd2 Kf7 43. Kd3 Ke6 44. Ke4 1/2-1/2

[Event "Robin Girard mem."]
[Site "Quebec CAN"]
[Date "2004.09.04"]
[Round "4"]
[White "Allen, Marc-Antoine"]
[Black "Bourassa, Andre"]
[Result "1-0"]
[WhiteElo "1550"]
[BlackElo "1659"]
[PlyCount "51"]
[GameId "2160767911069584"]
[EventDate "2004.09.03"]
[EventType "swiss"]
[EventRounds "5"]
[EventCountry "CAN"]

1. e4 c5 2. Nc3 Nc6 3. g3 d6 4. Bg2 a6 5. Nge2 Rb8 6. O-O e5 7. d3 Nf6 8. Bg5 Be7 9. f4 Ng4 10. Bxe7 Nxe7 11. Qd2 f5 12. h3 Nh6 13. Kh2 Nf7 14. fxe5 Nxe5 15. d4 cxd4 16. Nxd4 O-O 17. exf5 Nxf5 18. Nxf5 Rxf5 19. Rxf5 Bxf5 20. Qd5+ Kh8 21. Ne4 Qb6 22. Nxd6 Qxb2 23. Rd1 Bxc2 24. Nc4 Nxc4 25. Qd8+ Rxd8 26. Rxd8# 1-0

[Event "Robin Girard mem."]
[Site "Quebec CAN"]
[Date "2004.09.04"]
[Round "4"]
[White "Charbonneau, Anne-Marie"]
[Black "Tremblay, Rejean"]
[Result "0-1"]
[WhiteElo "2082"]
[BlackElo "2261"]
[PlyCount "54"]
[GameId "2160767911077777"]
[EventDate "2004.09.03"]
[EventType "swiss"]
[EventRounds "5"]
[EventCountry "CAN"]

1. d4 Nf6 2. c4 g6 3. Nc3 Bg7 4. e4 d6 5. Be2 O-O 6. Bg5 c5 7. d5 h6 8. Be3 e6 9. h3 exd5 10. exd5 Bf5 11. g4 Bc8 12. g5 hxg5 13. Bxg5 Bf5 14. Qd2 Re8 15. O-O-O Nbd7 16. Nf3 Qa5 17. Nh4 Ne4 18. Nxe4 Qxa2 19. Qc2 Bxe4 20. Bd3 Bxh1 21. Rxh1 Ne5 22. Be2 b5 23. cxb5 Qxd5 24. Rg1 c4 25. Rg3 Nd3+ 26. Bxd3 cxd3 27. Rxd3 Qxg5+ 0-1

[Event "Robin Girard mem."]
[Site "Quebec CAN"]
[Date "2004.09.05"]
[Round "5"]
[White "Proteau, Denis"]
[Black "Bourassa, Andre"]
[Result "0-1"]
[WhiteElo "1062"]
[BlackElo "1659"]
[PlyCount "78"]
[GameId "2160767911077778"]
[EventDate "2004.09.03"]
[EventType "swiss"]
[EventRounds "5"]
[EventCountry "CAN"]

1. e4 c5 2. Nf3 d6 3. Bc4 e6 4. Nc3 a6 5. a3 Nc6 6. O-O b5 7. Ba2 Nf6 8. d3 g6 9. Bd2 Bg7 10. Qc1 h5 11. Ne2 Bb7 12. Re1 Ng4 13. h3 Nge5 14. Nh2 Qc7 15. c3 Nxd3 16. Qc2 Nxe1 17. Rxe1 c4 18. b3 Ne5 19. Nf4 O-O 20. Nf3 Nxf3+ 21. gxf3 e5 22. Nd5 Bxd5 23. exd5 cxb3 24. Bxb3 Rac8 25. Rc1 Qd7 26. Kh2 Kh7 27. c4 Bh6 28. Qd3 Bxd2 29. Qxd2 Qf5 30. Qe3 Qf4+ 31. Kg2 Rc5 32. Qc3 bxc4 33. Bxc4 Rfc8 34. Qb4 Rxc4 35. Rxc4 Qxc4 36. Qxd6 Qc7 37. Qxa6 Rd8 38. Qc6 Qxc6 39. dxc6 Rc8 0-1

[Event "Robin Girard mem."]
[Site "Quebec CAN"]
[Date "2004.09.05"]
[Round "5"]
[White "Tremblay, Rejean"]
[Black "Schleifer, Michael"]
[Result "0-1"]
[WhiteElo "2261"]
[BlackElo "2329"]
[PlyCount "147"]
[GameId "2160767911077779"]
[EventDate "2004.09.03"]
[EventType "swiss"]
[EventRounds "5"]
[EventCountry "CAN"]

1. d4 c5 2. dxc5 e6 3. Nf3 Nf6 4. c4 Bxc5 5. Nc3 O-O 6. e3 b6 7. Be2 Bb7 8. a3 d5 9. b4 Be7 10. Bb2 a5 11. bxa5 Rxa5 12. O-O Nbd7 13. Nb5 Nc5 14. Ne5 Nfe4 15. f3 Nd6 16. Nd4 Qc7 17. Bc3 Raa8 18. cxd5 exd5 19. Bb4 Rfe8 20. Rc1 Bf8 21. f4 f6 22. Ng4 Qf7 23. Rf3 Nc4 24. Rg3 Kh8 25. Rh3 f5 26. Ne5 Nxe5 27. fxe5 Rxe5 28. Nf3 Rxe3 29. Ng5 Qe7 30. Rxh7+ Kg8 31. Bf3 Qxg5 32. Rh5 Qd8 33. Rxf5 Re6 34. Bh5 Rf6 35. Rxf6 Qxf6 36. Qe2 Ne4 37. Rf1 Bxb4 38. Rxf6 Bc5+ 39. Kh1 Nxf6 40. Qe6+ Kh8 41. Bg6 Rxa3 42. h4 Rc3 43. Qf7 Bc8 44. g4 Bxg4 45. Qb7 Be6 46. Qa8+ Bg8 47. Bf7 Rh3+ 48. Kg2 Rxh4 49. Bxg8 Nxg8 50. Qxd5 Nf6 51. Qd8+ Kh7 52. Qd3+ Kh6 53. Qd2+ g5 54. Qd8 Rf4 55. Qh8+ Kg6 56. Kg3 Bd6 57. Kg2 b5 58. Qa8 b4 59. Qa2 Be5 60. Qb1+ Re4 61. Kh3 Bc3 62. Qd3 Kh5 63. Qd1+ g4+ 64. Kg2 Rf4 65. Qd8 Kg5 66. Qe7 b3 67. Qc5+ Kh4 68. Qxc3 Rf2+ 69. Kg1 Rf3 70. Qe1+ g3 71. Qb4+ Kh3 72. Qf8 b2 73. Qh6+ Kg4 74. Qg6+ 0-1

[Event "Rodgers mem"]
[Site "Ottawa CAN"]
[Date "2004.09.16"]
[Round "1"]
[White "Pacey, Kevin"]
[Black "Danilov, Alex"]
[Result "1-0"]
[WhiteElo "2196"]
[BlackElo "1920"]
[PlyCount "45"]
[GameId "2160767911069324"]
[EventDate "2004.09.15"]
[EventType "swiss"]
[EventRounds "7"]
[EventCountry "CAN"]

1. d4 Nf6 2. c4 e6 3. g3 Be7 4. Bg2 d5 5. Nf3 c6 6. O-O Nbd7 7. Nbd2 O-O 8. Qc2 b6 9. b3 Bb7 10. Bb2 Rc8 11. e4 dxe4 12. Nxe4 c5 13. Nxf6+ Nxf6 14. Rad1 Be4 15. Qe2 Qc7 16. d5 exd5 17. cxd5 Rfe8 18. Qc4 Rcd8 19. Ne5 Bxg2 20. Kxg2 Bd6 21. Nc6 Re4 22. Bxf6 Rxc4 23. Bxd8 1-0

[Event "Rodgers mem"]
[Site "Ottawa CAN"]
[Date "2004.09.23"]
[Round "2"]
[White "Xiong, Jerry"]
[Black "Pacey, Kevin"]
[Result "1/2-1/2"]
[WhiteElo "1638"]
[BlackElo "2196"]
[PlyCount "100"]
[GameId "2160767911069325"]
[EventDate "2004.09.15"]
[EventType "swiss"]
[EventRounds "7"]
[EventCountry "CAN"]

1. e4 e5 2. Nc3 Nf6 3. Bc4 Nc6 4. f4 Bb4 5. d3 d5 6. exd5 Nxd5 7. Bxd5 Qxd5 8. Nf3 O-O 9. O-O Qc5+ 10. Kh1 Bxc3 11. bxc3 Qxc3 12. Rb1 Nd4 13. fxe5 Nxf3 14. Bb2 Qd2 15. Qxf3 Be6 16. c4 c5 17. Rfd1 Qa5 18. a3 Qa4 19. Bc1 b6 20. h3 Bf5 21. Bb2 Bg6 22. Qb7 Rab8 23. Qc7 Rfc8 24. Qe7 Re8 25. Qg5 Qd7 26. Qg3 Rbd8 27. Rd2 Qc7 28. Qf3 h6 29. Rf1 Qe7 30. Qg3 Qe6 31. Rff2 Rd7 32. Rf1 Red8 33. Rf3 Be4 34. Rf6 Qe8 35. e6 fxe6 36. Rxh6 Rf7 37. Rh5 Qf8 38. Rg5 Rdd7 39. Rg4 Rf1+ 40. Kh2 Bf5 41. Rg5 Bh7 42. h4 Qf4 43. Qxf4 Rxf4 44. g3 Rf3 45. d4 cxd4 46. Rxd4 Rxd4 47. Bxd4 Rf7 48. c5 bxc5 49. Rxc5 Rd7 50. Bc3 Be4 1/2-1/2

[Event "Rodgers mem"]
[Site "Ottawa CAN"]
[Date "2004.09.30"]
[Round "3"]
[White "Pacey, Kevin"]
[Black "Schofield, Mike"]
[Result "1-0"]
[WhiteElo "2196"]
[BlackElo "1926"]
[PlyCount "149"]
[GameId "2160767911069326"]
[EventDate "2004.09.15"]
[EventType "swiss"]
[EventRounds "7"]
[EventCountry "CAN"]

1. f4 d6 2. Nf3 Nf6 3. g3 Bg4 4. Bg2 c6 5. Na3 Nbd7 6. d3 e5 7. h3 Bxf3 8. exf3 exf4 9. Bxf4 Be7 10. Nc4 O-O 11. Be3 d5 12. Nd2 Nh5 13. Kf2 Nc5 14. d4 Ne6 15. f4 Nf6 16. f5 Nc7 17. g4 Ne4+ 18. Nxe4 dxe4 19. Bxe4 Bh4+ 20. Kf3 Re8 21. c4 Qf6 22. Bf4 Re7 23. Qd2 h6 24. Rad1 Bg5 25. Bxg5 Qxg5 26. Qxg5 hxg5 27. Rh2 Ne8 28. Bd3 Nf6 29. Re2 Rae8 30. Rxe7 Rxe7 31. b4 Rd7 32. Bc2 Ne8 33. d5 cxd5 34. Ba4 Rd8 35. Bxe8 Rxe8 36. Rxd5 a6 37. Rd7 Rb8 38. Ke4 Kf8 39. Kd5 Ke8 40. Kd6 b6 41. Re7+ Kf8 42. Ra7 Rd8+ 43. Rd7 Rc8 44. Rc7 Rd8+ 45. Kc6 Rb8 46. Rb7 Rc8+ 47. Kxb6 Rxc4 48. Kxa6 g6 49. fxg6 fxg6 50. a4 Ke8 51. a5 Kd8 52. Kb5 Rc3 53. a6 Kc8 54. Rh7 Kb8 55. Kb6 Rc8 56. b5 Ka8 57. Ka5 Rc5 58. Kb4 Rc1 59. b6 Rb1+ 60. Kc5 Rc1+ 61. Kd6 Rd1+ 62. Ke6 Rd8 63. Kf7 Rb8 64. Kxg6 Rxb6+ 65. Kxg5 Rb5+ 66. Kh4 Rb4 67. Kh5 Rb6 68. Rh6 Rb3 69. h4 Rh3 70. g5 Ra3 71. Rf6 Ra5 72. Kh6 Rd5 73. g6 Re5 74. g7 Ka7 75. Rf7+ 1-0

[Event "Rodgers mem"]
[Site "Ottawa CAN"]
[Date "2004.10.07"]
[Round "4"]
[White "Barclay, Wayne"]
[Black "Pacey, Kevin"]
[Result "0-1"]
[WhiteElo "2258"]
[BlackElo "2196"]
[PlyCount "88"]
[GameId "2160767911069327"]
[EventDate "2004.09.15"]
[EventType "swiss"]
[EventRounds "7"]
[EventCountry "CAN"]

1. d4 Nf6 2. c4 g6 3. g3 d5 4. Bg2 Bg7 5. Bg5 Ne4 6. cxd5 Nxg5 7. h4 e6 8. hxg5 exd5 9. Nc3 c6 10. Qd2 Nd7 11. O-O-O O-O 12. Qf4 Re8 13. Nf3 f5 14. Rh4 b5 15. Qd6 Bb7 16. g4 fxg4 17. Rxg4 a5 18. e3 a4 19. Rh4 Nf8 20. Qxd8 Raxd8 21. Rdh1 Re7 22. Nh2 Bc8 23. Kd2 Rde8 24. Ne2 Ne6 25. Nf3 Bh8 26. Rc1 Bd7 27. Bh3 Rf8 28. Bg2 Ref7 29. Rch1 Rxf3 30. Bxf3 Rxf3 31. Rxh7 Bg7 32. R7h2 c5 33. dxc5 Bxb2 34. Rb1 a3 35. Nc3 Nxc5 36. Nxd5 Ne4+ 37. Ke1 Nc3 38. Nxc3 Bxc3+ 39. Ke2 Rf8 40. f4 Bg4+ 41. Kd3 b4 42. Rg2 Bf5+ 43. e4 Rd8+ 44. Ke3 Re8 0-1

[Event "Rodgers mem"]
[Site "Ottawa CAN"]
[Date "2004.10.14"]
[Round "5"]
[White "Pacey, Kevin"]
[Black "Hum, Peter"]
[Result "1-0"]
[WhiteElo "2196"]
[BlackElo "2208"]
[PlyCount "97"]
[GameId "2160767911069328"]
[EventDate "2004.09.15"]
[EventType "swiss"]
[EventRounds "7"]
[EventCountry "CAN"]

1. e4 e6 2. d4 d5 3. Nc3 Bb4 4. e5 c5 5. a3 Bxc3+ 6. bxc3 Qa5 7. Qd2 Qa4 8. Rb1 c4 9. Nh3 Nc6 10. Be2 b6 11. O-O Bd7 12. Nf4 Nge7 13. Nh5 Rg8 14. f4 O-O-O 15. Bg4 Rdf8 16. Qe2 Kb8 17. Bb2 Ka8 18. Rf2 Qa6 19. Re1 Qc8 20. a4 Re8 21. Ba3 Nf5 22. Qf3 Nce7 23. Ra1 Qc6 24. Rff1 a5 25. Rfb1 Nc8 26. Bxf5 exf5 27. Rb5 Be6 28. Rab1 Rd8 29. Ng3 Rd7 30. Nf1 Rb7 31. Bc5 Rd8 32. Ne3 bxc5 33. Rxb7 cxd4 34. Rb8+ Ka7 35. R8b5 Ka6 36. cxd4 Ne7 37. Rc5 Qxa4 38. Nxc4 Nc6 39. Rb6+ Ka7 40. Rbxc6 Qa1+ 41. Qf1 Qxd4+ 42. Kh1 dxc4 43. Rc7+ Ka6 44. R5c6+ Kb5 45. Qb1+ Ka4 46. Qa2+ Kb5 47. Rc5+ Qxc5 48. Rxc5+ Kxc5 49. Qxa5+ 1-0

[Event "Rodgers mem"]
[Site "Ottawa CAN"]
[Date "2004.10.21"]
[Round "6"]
[White "Pacey, Kevin"]
[Black "Davies, Alex"]
[Result "1/2-1/2"]
[WhiteElo "2196"]
[BlackElo "2212"]
[PlyCount "22"]
[GameId "2160767911069329"]
[EventDate "2004.09.15"]
[EventType "swiss"]
[EventRounds "7"]
[EventCountry "CAN"]

1. e4 d5 2. Nc3 Nf6 3. exd5 Nxd5 4. Qf3 Nf6 5. Ne4 Nbd7 6. d4 Nxe4 7. Qxe4 Nf6 8. Qe5 Ng4 9. Qe4 Nf6 10. Qe5 Ng4 11. Qe4 Nf6 1/2-1/2

[Event "Rodgers mem"]
[Site "Ottawa CAN"]
[Date "2004.10.28"]
[Round "7"]
[White "Patterson, Roger"]
[Black "Pacey, Kevin"]
[Result "1/2-1/2"]
[WhiteElo "2212"]
[BlackElo "2196"]
[PlyCount "42"]
[GameId "2160767911069330"]
[EventDate "2004.09.15"]
[EventType "swiss"]
[EventRounds "7"]
[EventCountry "CAN"]

1. e4 e6 2. d4 d5 3. Nc3 Bb4 4. e5 c5 5. a3 Bxc3+ 6. bxc3 Qc7 7. Nf3 b6 8. Bb5+ Bd7 9. a4 Bxb5 10. axb5 Ne7 11. h4 a5 12. bxa6 cxd4 13. cxd4 Qc4 14. Qd2 Rxa6 15. Ra3 Rxa3 16. Bxa3 Nbc6 17. Bxe7 Nxe7 18. Qe2 Qc3+ 19. Qd2 Qa1+ 20. Qd1 Qa5+ 21. Qd2 Qa1+ 1/2-1/2

[Event "Roland Gaudet mem"]
[Site "Hull CAN"]
[Date "2004.01.06"]
[Round "1"]
[White "Laurin, Jacques"]
[Black "Lacourse, Guy"]
[Result "1-0"]
[WhiteElo "1843"]
[BlackElo "1683"]
[PlyCount "109"]
[GameId "2160767911208966"]
[EventDate "2004.01.06"]
[EventType "swiss"]
[EventRounds "5"]
[EventCountry "CAN"]
[SourceTitle "EXT 2005"]
[Source "ChessBase"]
[SourceDate "2004.11.15"]
[SourceVersion "1"]
[SourceVersionDate "2004.11.15"]
[SourceQuality "1"]

1. c4 e5 2. g3 Nf6 3. Bg2 Nc6 4. Nf3 d6 5. Nc3 g6 6. d4 Nxd4 7. Nxd4 exd4 8. Qxd4 c5 9. Qd3 h6 10. Bf4 g5 11. Be3 Rb8 12. Rd1 b6 13. Nb5 a6 14. Nxd6+ Bxd6 15. Bc6+ Ke7 16. f4 Rg8 17. fxg5 hxg5 18. Rf1 Qc7 19. Bg2 Bg4 20. Rxf6 Kxf6 21. Qxd6+ Qxd6 22. Rxd6+ Ke7 23. Rd5 f6 24. b3 Be6 25. Rd1 Rh8 26. Bg1 Rbd8 27. Bd5 Rd6 28. e4 f5 29. e5 Rd7 30. b4 cxb4 31. Bxb6 Rxh2 32. Bc5+ Kf7 33. Bxb4 Rxa2 34. Bd6 Rc2 35. Bc6 Rxd6 36. exd6 Rxc4 37. d7 Bxd7 38. Bxd7 f4 39. g4 Kf6 40. Rd5 Re4+ 41. Kf2 Ke7 42. Bc8 Kf6 43. Bxa6 Ra4 44. Rf5+ Kg6 45. Bd3 Ra2+ 46. Kf3 Kh6 47. Rf6+ Kg7 48. Rg6+ Kh8 49. Rxg5 Ra3 50. Rd5 Ra4 51. Rd7 Rb4 52. Be4 Rb2 53. Kxf4 Rf2+ 54. Kg5 Re2 55. Kg6 1-0

[Event "Roland Gaudet mem"]
[Site "Hull CAN"]
[Date "2004.01.06"]
[Round "1"]
[White "Menard, Marc"]
[Black "Roy, Roger"]
[Result "1-0"]
[WhiteElo "1635"]
[BlackElo "1739"]
[PlyCount "53"]
[GameId "2160767911208967"]
[EventDate "2004.01.06"]
[EventType "swiss"]
[EventRounds "5"]
[EventCountry "CAN"]
[SourceTitle "EXT 2005"]
[Source "ChessBase"]
[SourceDate "2004.11.15"]
[SourceVersion "1"]
[SourceVersionDate "2004.11.15"]
[SourceQuality "1"]

1. e4 c5 2. Nf3 d6 3. d4 cxd4 4. Nxd4 Nf6 5. Nc3 a6 6. Be2 e5 7. Nb3 Be7 8. O-O O-O 9. f3 Nc6 10. Nd5 Nxd5 11. exd5 Nd4 12. Nxd4 exd4 13. Qxd4 Bf6 14. Qb4 Re8 15. Bd3 b5 16. Bf4 Be5 17. Bxe5 Rxe5 18. c4 Qb6+ 19. Kh1 Bd7 20. b3 a5 21. Qd2 Rae8 22. Rae1 Qd8 23. Rxe5 Rxe5 24. Re1 Rxe1+ 25. Qxe1 bxc4 26. bxc4 g6 27. g4 1-0

[Event "Roland Gaudet mem"]
[Site "Hull CAN"]
[Date "2004.01.06"]
[Round "1"]
[White "Pepin, Christian"]
[Black "Papineau, Andre"]
[Result "1-0"]
[WhiteElo "2107"]
[BlackElo "1746"]
[PlyCount "35"]
[GameId "2160767911208968"]
[EventDate "2004.01.06"]
[EventType "swiss"]
[EventRounds "5"]
[EventCountry "CAN"]
[SourceTitle "EXT 2005"]
[Source "ChessBase"]
[SourceDate "2004.11.15"]
[SourceVersion "1"]
[SourceVersionDate "2004.11.15"]
[SourceQuality "1"]

1. c4 Nf6 2. g3 g6 3. Bg2 Bg7 4. e4 e5 5. Ne2 c5 6. b4 cxb4 7. a3 Qb6 8. axb4 Qxb4 9. Nbc3 Qxc4 10. Ba3 Bf8 11. Nd5 Nxd5 12. Rc1 Qxc1 13. Qxc1 Nb6 14. d4 Bxa3 15. Qxa3 exd4 16. Nxd4 Nc6 17. Nb5 Nc4 18. Qc3 1-0

[Event "Roland Gaudet mem"]
[Site "Hull CAN"]
[Date "2004.01.06"]
[Round "1"]
[White "Thibault, Mario"]
[Black "Brousseau, Yvan"]
[Result "0-1"]
[WhiteElo "1679"]
[BlackElo "1977"]
[PlyCount "74"]
[GameId "2160767911208969"]
[EventDate "2004.01.06"]
[EventType "swiss"]
[EventRounds "5"]
[EventCountry "CAN"]
[SourceTitle "EXT 2005"]
[Source "ChessBase"]
[SourceDate "2004.11.15"]
[SourceVersion "1"]
[SourceVersionDate "2004.11.15"]
[SourceQuality "1"]

1. Nf3 d5 2. g3 Nf6 3. Bg2 g6 4. O-O Bg7 5. d3 O-O 6. Nbd2 b6 7. e4 dxe4 8. dxe4 Bb7 9. Qe2 e6 10. Rd1 Nbd7 11. c3 Qe7 12. Nd4 e5 13. Nc2 a5 14. b3 Rfd8 15. Bb2 Qe6 16. c4 Nc5 17. Ne1 Bh6 18. f3 Rd7 19. Nf1 Rad8 20. Rxd7 Rxd7 21. Rd1 Ba6 22. Rxd7 Nfxd7 23. Nd3 a4 24. Nxc5 Nxc5 25. Qc2 axb3 26. axb3 Qd6 27. Bc3 Qd3 28. Qb2 f6 29. Kh1 Qd1 30. Bd2 Bf8 31. Be3 Qxb3 32. Qa1 Qxc4 33. Nd2 Qa4 34. Qb1 Qa3 35. Bxc5 Bxc5 36. Bf1 Bxf1 37. Nxf1 Qxf3# 0-1

[Event "Roland Gaudet mem"]
[Site "Hull CAN"]
[Date "2004.01.13"]
[Round "2"]
[White "Arsenault, Yves"]
[Black "Lacourse, Guy"]
[Result "0-1"]
[WhiteElo "1597"]
[BlackElo "1683"]
[PlyCount "60"]
[GameId "2160767911208970"]
[EventDate "2004.01.06"]
[EventType "swiss"]
[EventRounds "5"]
[EventCountry "CAN"]
[SourceTitle "EXT 2005"]
[Source "ChessBase"]
[SourceDate "2004.11.15"]
[SourceVersion "1"]
[SourceVersionDate "2004.11.15"]
[SourceQuality "1"]

1. e4 c5 2. Nf3 d6 3. Nc3 a6 4. Bc4 e6 5. O-O Nf6 6. d3 b5 7. Bb3 Nc6 8. a4 b4 9. Ne2 Be7 10. Nf4 O-O 11. Re1 Qc7 12. c3 Na5 13. cxb4 Nxb3 14. Qxb3 Rb8 15. b5 axb5 16. axb5 Bd7 17. d4 Rxb5 18. Qc3 Qb7 19. d5 e5 20. Nd3 Rb3 21. Qc4 Qb5 22. Qxb5 Bxb5 23. Ndxe5 dxe5 24. Nxe5 Bd6 25. Nc6 Re8 26. f3 Nxd5 27. Na5 Rd3 28. Kf2 Nb4 29. Re2 Rd1 30. Nb3 Nd3+ 0-1

[Event "Roland Gaudet mem"]
[Site "Hull CAN"]
[Date "2004.01.13"]
[Round "2"]
[White "Libersan, Mattieu"]
[Black "Marghetis, Aris"]
[Result "0-1"]
[WhiteElo "1869"]
[BlackElo "1743"]
[PlyCount "116"]
[GameId "2160767911208971"]
[EventDate "2004.01.06"]
[EventType "swiss"]
[EventRounds "5"]
[EventCountry "CAN"]
[SourceTitle "EXT 2005"]
[Source "ChessBase"]
[SourceDate "2004.11.15"]
[SourceVersion "1"]
[SourceVersionDate "2004.11.15"]
[SourceQuality "1"]

1. e4 Nf6 2. e5 Nd5 3. d4 d6 4. c4 Nb6 5. f4 g5 6. fxg5 dxe5 7. dxe5 Qxd1+ 8. Kxd1 Bg4+ 9. Nf3 Nc6 10. Bf4 O-O-O+ 11. Nbd2 Nd4 12. Be2 Nxe2 13. Kxe2 e6 14. Rhd1 Na4 15. Ne4 Rxd1 16. Rxd1 Nxb2 17. Rc1 Bf5 18. Ke3 Be7 19. Nd4 Bxe4 20. Kxe4 Rd8 21. Be3 Na4 22. Nb3 Ba3 23. Rc2 Nb2 24. Bd4 Na4 25. Rf2 c5 26. Ba1 Rd7 27. Rd2 Bb4 28. Rd6 Kc7 29. Rd3 Nb6 30. Rh3 Nxc4 31. Rxh7 Nd2+ 32. Nxd2 Bxd2 33. h4 c4 34. g4 c3 35. h5 c2 36. Bb2 Bxg5 37. Rg7 c1=Q 38. Bxc1 Bxc1 39. g5 Kc6 40. h6 Rd8 41. h7 Rh8 42. Kf3 Bxg5 43. Rxg5 Rxh7 44. Rg2 b5 45. Rd2 a5 46. Ke4 b4 47. Rc2+ Kb5 48. Kd4 Rh4+ 49. Kd3 a4 50. Rc7 Rh3+ 51. Kd4 b3 52. axb3 axb3 53. Rb7+ Kc6 54. Rxf7 b2 55. Rf1 Rb3 56. Rb1 Kb5 57. Ke4 Kc4 58. Kf4 Kc3 0-1

[Event "Roland Gaudet mem"]
[Site "Hull CAN"]
[Date "2004.01.20"]
[Round "3"]
[White "Brousseau, Yvan"]
[Black "Mai, Lloyd"]
[Result "1/2-1/2"]
[WhiteElo "1977"]
[BlackElo "1671"]
[PlyCount "149"]
[GameId "2160767911208972"]
[EventDate "2004.01.06"]
[EventType "swiss"]
[EventRounds "5"]
[EventCountry "CAN"]

1. d4 Nf6 2. c4 g6 3. Nf3 d6 4. Nc3 Bg7 5. g3 b6 6. Bg2 Bb7 7. O-O O-O 8. Qc2 Na6 9. a3 d5 10. cxd5 Nxd5 11. Nxd5 Bxd5 12. Bf4 Rc8 13. Qa4 Bb7 14. Rac1 Qe8 15. Qd1 c5 16. Bh3 Rd8 17. Qc2 cxd4 18. Ne5 e6 19. Nd3 Rc8 20. Qb1 Qb5 21. Rfd1 Nc5 22. b4 Nxd3 23. Qxd3 Qxd3 24. Rxd3 Rxc1+ 25. Bxc1 Rc8 26. Bb2 Be4 27. Rd1 Rd8 28. f3 Bc6 29. Kf2 e5 30. Rc1 Bb5 31. Rc7 a6 32. Rb7 Rd6 33. Rb8+ Bf8 34. a4 d3 35. exd3 Bxd3 36. Bxe5 Rd5 37. Bf6 Bc4 38. Ke3 b5 39. a5 Rh5 40. Bc8 Rxh2 41. Bxa6 Re2+ 42. Kf4 Re6 43. Bd4 Rxa6 44. Bc5 Kg7 45. Bxf8+ Kf6 46. Bc5 h5 47. Bb6 Bf1 48. Bd8+ Kg7 49. Rb6 Ra8 50. Bf6+ Kh7 51. a6 Bc4 52. a7 g5+ 53. Kxg5 Rg8+ 54. Kxh5 Be2 55. Kh4 Bxf3 56. Rxb5 Rg6 57. Rh5+ Rh6 58. Rxh6+ Kxh6 59. b5 Kg6 60. Bd4 Kf5 61. g4+ Ke6 62. Kg5 Bd5 63. Kf4 Bh1 64. Bc3 Bg2 65. Ke3 Bh1 66. Kd4 Bf3 67. g5 Bg2 68. Kc5 Kd7 69. Kb6 Kc8 70. Be5 Bf3 71. Kc5 Kb7 72. b6 Be4 73. Bd4 Bf3 74. Kd6 Bg2 75. Bc5 1/2-1/2

[Event "Roland Gaudet mem"]
[Site "Hull CAN"]
[Date "2004.01.20"]
[Round "3"]
[White "Lacourse, Guy"]
[Black "Dallaire, Dominic"]
[Result "1/2-1/2"]
[WhiteElo "1683"]
[BlackElo "1762"]
[PlyCount "136"]
[GameId "2160767911208974"]
[EventDate "2004.01.06"]
[EventType "swiss"]
[EventRounds "5"]
[EventCountry "CAN"]
[SourceTitle "EXT 2005"]
[Source "ChessBase"]
[SourceDate "2004.11.15"]
[SourceVersion "1"]
[SourceVersionDate "2004.11.15"]
[SourceQuality "1"]

1. Nf3 Nf6 2. c4 g6 3. b3 Bg7 4. Bb2 O-O 5. g3 d6 6. Bg2 c5 7. O-O Nc6 8. e3 Bf5 9. d3 Rc8 10. Ne1 Qd7 11. Na3 Bh3 12. Nac2 Rc7 13. f3 Rfc8 14. Bxh3 Qxh3 15. Qd2 Ne4 16. dxe4 Bxb2 17. Rb1 Bg7 18. Nd3 Qd7 19. Nf4 e6 20. Rbd1 Rd8 21. Ng2 Ne7 22. Qd3 d5 23. exd5 exd5 24. cxd5 Nxd5 25. e4 Nc3 26. Qxd7 Rcxd7 27. Rxd7 Rxd7 28. a4 Rd2 29. Rf2 Ne2+ 30. Kf1 Rxc2 31. Rxe2 Rc3 32. Re3 a6 33. Rxc3 Bxc3 34. Ke2 b5 35. axb5 axb5 36. Kd3 Bd4 37. Nf4 Kf8 38. Nd5 h5 39. h3 f6 40. g4 hxg4 41. hxg4 Kf7 42. f4 b4 43. Nxb4 Ke6 44. f5+ gxf5 45. gxf5+ Kd6 46. Na2 Ke5 47. Nc1 Bf2 48. Ne2 Kd6 49. Nf4 Ke5 50. Ng6+ Kd6 51. Kc4 Be3 52. Kb5 Bd2 53. Kc4 Be3 54. Kd3 Bg1 55. e5+ fxe5 56. Ke4 Bd4 57. Nf8 Ke7 58. Ne6 Kf6 59. Nc7 Ke7 60. Nd5+ Kf7 61. b4 cxb4 62. Nxb4 Kf6 63. Nc6 Ba1 64. Nb4 Bb2 65. Nd3 Ba1 66. Nf2 Bd4 67. Ng4+ Kf7 68. Nxe5+ Kf6 1/2-1/2